Songtitel mit KI - Statistiken

Allgemein
  • Dieses Quiz wurde 2.640 mal gespielt
  • Das Durchschnittsergebnis liegt bei 10 aus 16
Antwortstatistiken
Bildquiz Hint Antwort % Korrekt
Tones and I Dance Monkey
90%
Imagine Dragons Thunder
90%
Post Malone and Swae Lee Sunflower
86%
Ed Sheeran Shape of You
79%
The Weeknd Blinding Lights
77%
Avicii Wake Me Up
71%
Olivia Rodrigo Drivers License
67%
Ariana Grande 7 Rings
62%
Imagine Dragons Demons
62%
Coldplay Yellow
59%
Shawn Mendes Stitches
49%
Calvin Harris and Dua Lipa One Kiss
48%
The Weeknd featuring Daft Punk Starboy
43%
Mike Posner and Seeb I Took a Pill in Ibiza
40%
Glass Animals Heat Waves
36%
Drake featuring Wizkid and Kyla One Dance
33%
Keine übereinstimmenden Quizze gefunden
Verteilung der Resultate
Anzahl Personen mit jedem Resultat
Perzentil nach korrekt beantworteten Fragen
Ihre Resultats-Entwicklung
Sie haben dieses Quiz noch nicht gespielt